000 00920nam a22002651u 4500
001 07274
003 HDC
007 cr bn ---aaaaa
008 210127p2006 o d 00 engg
040 _aHDC
100 _aBakarudin Ishak
_eauthor
_97774
245 0 _aIslamic Banking And Finance: Malaysia's Experience And Achievements / by
_cBakarudin Ishak
260 _a[No Place] :
_b[publisher not identified],
_c2006
300 _a20 pages :
_billustrations
336 _atext
_2rdacontent
337 _acomputer
_2rdamedia
338 _aonline resource
_2rdacarrier
650 _afinancial system
_91656
650 _aIslamic banking
_9270
710 _aBank Negara Malaysia
856 _zRequest full-text at [email protected]
942 _2lcc
942 _cSLIDE
942 _kSLID 000257
999 _c4598
_d4598